Statistics for Soccer/Football Partial Logos

Click here to take the quiz!

General Stats

  • This quiz has been taken 129 times
  • The average score is 15 of 16

Answer Stats

Answer% Correct
Arsenal
99%
Liverpool
99%
FC Barcelona
98%
Juventus
98%
Manchester
98%
Manchester
98%
Real Madrid
98%
Chelsea
97%
Bayern Munich
96%
Tottenham
96%
Napoli
91%
Milan
90%
Dortmund
89%
Benfica
88%
PSG
86%
Galaxy
37%

Score Distribution

Percentile by Number Answered

Percent of People with Each Score

Your Score History

You have not taken this quiz